000 00354nam a2200133Ia 4500
008 151001s9999||||xx |||||||||||||| ||und||
100 _aनवरत्न पांडे
245 _aचिंदी चिंदी अक्स
250 _a1
260 _bलिट्रेसी
260 _c2008
300 _a104
365 _b21
999 _c995136
_d995133